000 00302nam a22001097a 4500
008 170112b xxu||||| |||| 00| 0 eng d
020 _a9780721662787
041 _aeng
080 _26TH
_a618.2
245 _aENCYCLOPEDIA & DICTIONARY OF MEDICINE, NURSING & ALLIED HEALTH
_cMILLER & KEANE
942 _2udc
_cBK
999 _c2805
_d2805